000 00710cam a2200193 4500
001 WB3744-32
008 011121n2001 000 0 eng u
035 _a(Sirsi) u115660
245 _aCapital gains tax: simplification
260 _c2001
490 _aInland Revenue Press Release
_v(113/01) 15 November 2001, (2)
520 _aPaymaster General Dawn Primarolo announces that more assets are to qualify for business assets taper relief and Capital Gains tax will be simplified. More details are available from http://www.inlandrevenue.gov.uk
590 _aWB
650 _aCAPITAL GAINS TAX
650 _aTAXATION OF CHARGEABLE GAINS ACT 1992
650 _aCGT
690 _aTAXATION
942 _n0
999 _c68883
_d68883